Sports Quiz

Random Sports or Soccer Quiz

UEFA Golden Players Quiz Stats

 Plays Quiz Updated Mar 9, 2020

Support Sporcle.
Go Orange.
Score 0/52 Timer 07:00
7 Plays Today
Country Player % Correct
Northern IrelandPat Jennings
58.9%
NetherlandsJohan Cruyff
53.6%
PortugalEusébio
51.1%
EnglandBobby Moore
49.8%
HungaryFerenc Puskás
44.5%
CroatiaDavor Šuker
42.5%
BulgariaHristo Stoichkov
41%
DenmarkMichael Laudrup
40.7%
RomaniaGheorghe Hagi
38.9%
FinlandJari Litmanen
32.8%
ItalyDino Zoff
29.3%
RussiaLev Yashin
29.2%
SwedenHenrik Larsson
28.3%
FranceJust Fontaine
27.3%
TurkeyHakan Şükür
25.9%
SpainAlfredo di Stéfano
23%
ScotlandDenis Law
21.1%
WalesJohn Charles
18%
UkraineOleg Blokhin
11.1%
EstoniaMart Poom
11%
GermanyFritz Walter
8.2%
SwitzerlandStéphane Chapuisat
7.8%
CzechiaJosef Masopust
7.2%
Republic of IrelandJohnny Giles
6.8%
BelgiumPaul Van Himst
5.9%
North MacedoniaDarko Pančev
5%
Country Player % Correct
Faroe IslandsAbraham Løkin
4.9%
Bosnia and HerzegovinaSafet Sušić
4.5%
Serbia and MontenegroDragan Džajić
4%
San MarinoMassimo Bonini
3.7%
PolandWłodzimierz Lubański
3.7%
AndorraKoldo
3.7%
SloveniaBranko Oblak
3.6%
AustriaHerbert Prohaska
3.5%
AlbaniaPanajot Pano
3.3%
NorwayRune Bratseth
3.2%
IsraelMordechai Shpigler
2.8%
LuxembourgLouis Pilot
2.4%
BelarusSergei Aleinikov
2.1%
LiechtensteinRainer Hasler
2.1%
GreeceVassilis Hatzipanagis
2.1%
IcelandÁsgeir Sigurvinsson
2%
MaltaCarmel Busuttil
2%
CyprusSotiris Kaiafas
1.9%
SlovakiaJán Popluhár
1.9%
KazakhstanSergey Kvochkin
1.8%
AzerbaijanAnatoli Banishevski
1.7%
LatviaAleksandrs Starkovs
1.7%
MoldovaPavel Cebanu
1.7%
LithuaniaArminas Narbekovas
1.6%
GeorgiaMurtaz Khurtsilava
1.5%
ArmeniaKhoren Hovhannisyan
1%

From the Vault

Images That Start with 'V'

by sproutcm

You must play this quiz vigorously.
Remove Ads.
Support Sporcle.
Get the best of Sporcle when you Go Orange. This ad-free experience offers more features, more stats, and more fun while also helping to support Sporcle. Thank you for becoming a member.

Show Comments

Extras

Top Quizzes Today


Score Distribution

Your Account Isn't Verified!

In order to create a playlist on Sporcle, you need to verify the email address you used during registration. Go to your Sporcle Settings to finish the process.

Report this User

Report this user for behavior that violates our Community Guidelines.

Details: